| 000 | 00838nam a22002177a 4500 | ||
|---|---|---|---|
| 008 | 150713b xxu||||| |||| 00| 0 alb d | ||
| 020 | _a9951413285 | ||
| 041 | 0 | _aalb | |
| 080 | _a352/354 | ||
| 100 | _aStavileci, Esat ; | ||
| 245 |
_aNocione dhe parime të administratës publike : _cEsat Stavileci. |
||
| 260 |
_aPrishtinë : _bAkademia e Shkencave dhe Arteve e kosovës, (Grafoprint) _c2005. |
||
| 300 |
_a378 f. ; _c24 cm. |
||
| 500 | _a( ASHAK Botime të veçanta LXV : Seksioni i Shkencave Shoqërore ; Libri 19 ) | ||
| 505 | _aBibliografi : f.369-373 | ||
| 650 | 0 | _aAdministratë | |
| 650 | 0 | _aPublike | |
| 650 | 0 | _aMetodologji | |
| 650 | 0 | _aKrahasim | |
| 942 |
_2udc _cBK |
||
| 999 |
_c1107 _d1107 |
||